[Event "Tournoi fermé Condom 2017"]
[Site "?"]
[Date "2017.07.15"]
[Round "9"]
[White "LACROIX, Romain"]
[Black "LAURENT-PAOLI, Pierre"]
[Result "1/2-1/2"]
[WhiteElo "2248"]
[BlackElo "2290"]
[PlyCount "116"]
[SourceDate "2017.07.15"]
[SourceVersionDate "2017.07.15"]

1. d4 g6 2. Nf3 Bg7 3. Bf4 d6 4. e3 Nd7 5. Be2 e5 6. Bg3 Ne7 7. h3 O-O 8. c4
Nf5 9. Bh2 exd4 10. Nxd4 Nxd4 11. exd4 Qf6 12. Nc3 Qxd4 13. Qxd4 Bxd4 14. Nd5
Bxb2 15. Rb1 Be5 16. Nxc7 Rb8 17. Nb5 Bxh2 18. Rxh2 Nc5 19. Nxd6 Be6 20. Rd1
Rfd8 21. f4 Rd7 22. Nb5 Rxd1+ 23. Kxd1 Rd8+ 24. Kc2 Ne4 25. Bd3 Nc5 26. Be2
Bf5+ 27. Kc3 Ne4+ 28. Kb3 Ng3 29. Bf3 b6 30. Bd5 a6 31. Nd4 Be4 32. Nc6 Re8 33.
Ne5 Bxd5 34. cxd5 Rd8 35. Nc6 Rd7 36. h4 Kg7 37. Kc4 Ne4 38. Rh3 b5+ 39. Kd4
Nf6 40. Kc5 Rxd5+ 41. Kb6 Rd2 42. a3 Rd6 43. Rb3 h5 44. g3 Nd7+ 45. Kc7 Rd2 46.
Rc3 Nf6 47. Kb7 Nd5 48. Rb3 Rc2 49. Rd3 Rc5 50. Rb3 Kf6 51. Ne5 Rc3 52. Rxc3
Nxc3 53. Kxa6 Nb1 54. Kxb5 Nxa3+ 55. Kc5 Nc2 56. Kd5 Ne3+ 57. Ke4 Nf5 58. Kf3
Nd6 1/2-1/2